| 000 | 01884nam a22002537a 4500 | ||
|---|---|---|---|
| 003 | Uzh_bibl | ||
| 008 | 260511b |||||||| |||| 00| 0 ukr d | ||
| 020 |
_a978-966-14-3881-0 _c70.00 |
||
| 040 | _bукр. | ||
| 041 |
_2ukr _aukr |
||
| 080 | _a821.161.2 | ||
| 090 |
_a821.161.2 _bЯ 73 |
||
| 100 | _aЯріш,Ярослав | ||
| 245 |
_aКровна мста _cхудож.М.Ломакін,передм.Г.Пагутяк _hТекст |
||
| 260 |
_aХарків _bКнижковий Клуб "Клуб Сімейного Дозвілля" _c2012 |
||
| 300 |
_a320 с. _fВ опр. |
||
| 520 | _aДавня Русь, початок XI ст. До стольного града Києва з далекої Тмутаракані вирушають найкращі воїни з дружини князя Мстислава, його найвідданіші бояри. Їх мало, але місія їхня велика: уголос заявити про його права на землю чернігівську й потай з'ясувати, хто віддав наказ убити двох його рідних братів. Шлях послів, на якому поляже не один мужній лицар, стелеться через пихатих варягів і підступних печенігів. Ласкаво просимо до небезпечного світу слов'янського Середньовіччя, де платять кров'ю за кров і заради влади йдуть на страшні злочини! | ||
| 521 | _aДля широкого кола читачів | ||
| 546 | _aукр. | ||
| 650 | _aЛітературно - художнє видання | ||
| 653 |
_aДавня Русь _aЗрада _aВбивство |
||
| 655 |
_aПроза _vРоман _yпоч. XI ст. |
||
| 942 |
_2udc _cBK |
||
| 999 |
_c17697 _d17697 |
||